| 000 | 00490 a2200157 4500 | ||
|---|---|---|---|
| 020 | _a1566079624 | ||
| 040 |
_aDLC _bDLC |
||
| 082 | 0 | 0 | _a025.04 |
| 100 | 1 | _aSzuprowicz, Bohdan O., | |
| 245 | 1 | 0 |
_aBuilding a multimedia presence on the World Wide Web _cBohdan O. Szuprowicz. |
| 250 | _a1st ed. | ||
| 260 |
_aCharleston, S.C., U.S.A. : _bComputer Technology Research Corp., _c1996. |
||
| 300 |
_avi, 208 p. : _bill., maps ; _c28 cm. |
||
| 650 | 0 | _aWorld Wide Web. | |
| 942 |
_cBK _k025.04 SZU _2ddc |
||
| 999 |
_c6957 _d6957 |
||